000 00267nam a22001217a 4500
008 180831b xxu||||| |||| 00| 0 eng d
041 _aeng
080 _a159.9
100 _a48
101 _aPSI
245 _aThe Science of Ourselves
_cMcBain, W.N
942 _2udc
_cBK
999 _c47412
_d47412